Giusnaturalismo e diritto europeo. Human rights e Gundrechte.
সংরক্ষণ করুন:
| প্রধান লেখক: | |
|---|---|
| বিন্যাস: | গ্রন্থ |
| প্রকাশিত: |
Milano, Italia:
Dott. A. Giuffré Editore,
2002.
|
| মালা: | Studi di Diritto Civile,
|
| বিষয়গুলি: | |
| ট্যাগগুলো: |
ট্যাগ যুক্ত করুন
কোনো ট্যাগ নেই, প্রথমজন হিসাবে ট্যাগ করুন!
|
MARC
| LEADER | 00000nam a22000007a 4500 | ||
|---|---|---|---|
| 003 | CL-VaPUC | ||
| 005 | 20220822114659.0 | ||
| 008 | 220720t2002 ||||| |||| 00| 0 eng d | ||
| 999 | |c 437348 |d 437346 | ||
| 020 | |a 88-14-09381-4 | ||
| 040 | |c Pontificia Universidad Católica de Valparaíso | ||
| 082 | 7 | |a 323.01 DON 2002 |2 22 | |
| 100 | |a Donati, Alberto |9 873388 |e autore | ||
| 245 | |a Giusnaturalismo e diritto europeo. |b Human rights e Gundrechte. | ||
| 260 | |a Milano, Italia: |b Dott. A. Giuffré Editore, |c 2002. | ||
| 300 | |a 364 páginas. | ||
| 490 | |a Studi di Diritto Civile, |n 55. | ||
| 500 | |a c.1 Donación Familia Prof. Alejandro Guzmán Brito. | ||
| 583 | |c 20220720 |k Catalogador Asistente | ||
| 650 | |a Ley natural |9 321617 | ||
| 942 | |2 ddc |c BK |n 0 | ||
| 952 | |0 0 |1 0 |2 ddc |4 0 |6 323_010000000000000_DON_2002 |7 1 |8 C_AGB |9 585111 |a BIBDER |b BIBDER |d 2022-07-20 |e Donación |i 5653173 |o 323.01 DON 2002 |p 5653173 |r 2023-01-25 |t 1 |w 2022-07-20 |y BK_US |k AGB | ||